01542nam a2200349 a 450000100100000000500170001000800410002702000150006804000250008308200170010810000460012524501620017126000360033330000200036949000460038949000290043550000420046459000260050665000370053265000260056965000460059565000330064165000220067465000320069665000550072870000430078383000790082691000380090595201140094395201200105799900150117700000606920260521113250.0090826t2003 dr r 000 0 spa d a9993483540 aDO-SdBNPbspacBNPHU a364.6bR175t1 aRamos Jeréz, Leoncio,d1894-197191708810aTrabajos penitenciarios :breformas para el establecimiento de un nuevo sistema penitenciario dominicano /cLeoncio Ramos ; prólogo Emmanuel Ramos Messina. aSanto Domingo :bBúho,c2003. a99 p. ;c22 cm.1 aPensamiento criminológico dominicanov31 aCuadernos de la cárcel aIncluye datos biográficos del autor aInventariado, 2018/BT 0aTrabajo en las prisiones 917082 0aCriminología917089 4aAdministración de justicia penal915988 0aDerecho penitenciario917090 0aPrisiones 917091 4aDelicuencia infantil917092 4aAnteproyecto de leyzRepública Dominicana9170931 aRamos Messina, Emmanuel,epról.9704 0aPensamiento criminológico dominicanov3pcuadernos de la cárcel917094 aValidado. Control de calidad. EMS 0010718PDaPDbPDcHDd2009-08-26iLF1l0o364.6 R175tp6069-10r2020-06-25w2020-06-25yLFPDZNo se presta 0010718PDaPDbPDcHDd2009-08-26iLF1l0o364.6 R175tp6069-20r2020-06-25te. 2w2020-06-25yLFPDZNo se presta c5865d5865